000 00301nam a2200121Ia 4500
005 20251222143312.0
008 251222s9999||||xx |||||||||||||| ||spa||
082 _a300.985/C93/8
100 _aPalma, Diego
245 0 _aLa Informalidad, lo Popular y el Cambio Social
264 _bDESCO
942 _cLIB
999 _c15735
_d15735